Principles of life (Record no. 33891)

MARC details
000 -LEADER
fixed length control field 00406nam a2200169Ia 4500
020 ## - INTERNATIONAL STANDARD BOOK NUMBER
ISBN 978- 1- 4292- 5721- 3
050 ## - CALL MARK
Classification number QH308.2.H55/
100 ## - STATEMENT OF RESPONSIBILITY--MAIN AUTHOR NAME
Personal name Hillis, David M...[et al.]
245 #0 - TITLE STATEMENT
Title Principles of life
260 ## - PUBLICATION, DISTRIBUTION, ETC. (IMPRINT)
Name of publisher W. H. freeman company
260 ## - PUBLICATION, DISTRIBUTION, ETC. (IMPRINT)
Year of publication 2012
300 ## - PHYSICAL DESCRIPTION
Number of Pages 908 p
650 ## - SUBJECT ADDED ENTRY--TOPICAL TERM
Topical Term Biology
942 ## - ADDED ENTRY ELEMENTS (KOHA)
Koha item type Books
Holdings
Withdrawn status Lost status Source of classification or shelving scheme Damaged status Not for loan Permanent Location Current Location Shelving location Date acquired Accession Number Price effective from Koha item type
    Library of Congress Classification     NILE UNIVERSITY OF NIGERIA - MAIN LIBRARY NILE UNIVERSITY OF NIGERIA - MAIN LIBRARY Items on shelf 04/23/2025 0008603 04/23/2025 Books